Viajes por América del Sur (Record no. 188957)

MARC details
000 -LEADER
campo de control de longitud fija 00792nam a2200205 i 4500
001 - NÚMERO DE CONTROL
campo de control 188957
003 - IDENTIFICADOR DE NÚMERO DE CONTROL
campo de control ES-MaACL
005 - FECHA Y HORA DE LA ÚLTIMA TRANSACCIÓN
campo de control 20230906223336.0
007 - CAMPO FIJO DE DESCRIPCIÓN FÍSICA--INFORMACIÓN GENERAL
campo de control de longitud fija t|
008 - DATOS DE LONGITUD FIJA--INFORMACIÓN GENERAL
campo de control de longitud fija 190305s1958 sp ||||1| spa d
245 00 - MENCIÓN DEL TÍTULO
Título Viajes por América del Sur
Resto del título : edición, con estudio y notas, de los textos de D'Orbigny, Wiener y La Condamine... /
Mención de responsabilidad, etc. [introducción por Manuel Ballesteros Gaibrois].
260 ## - PUBLICACIÓN, DISTRIBUCIÓN, ETC.
Lugar de publicación, distribución, etc. Madrid :
Nombre del editor, distribuidor, etc. Aguilar,
Fecha de publicación, distribución, etc. 1958.
300 ## - DESCRIPCIÓN FÍSICA
Extensión 2 v., 3 map. : il. ;
Dimensiones 25 cm.
490 1# - MENCIÓN DE SERIE
Mención de serie Bibliotheca indiana. Viajes y viajeros ;
Designación de volumen o secuencia 3-4
651 #4 - PUNTO DE ACCESO ADICIONAL DE MATERIA--NOMBRE GEOGRÁFICO
Nombre geográfico América del Sur-
Subdivisión general Descripción.
9 (RLIN) 7712
700 1# - ENTRADA AGREGADA--NOMBRE PERSONAL
Nombre de persona Ballesteros Gaibrois, Manuel,
Fechas asociadas al nombre 1911-2002
9 (RLIN) 25056
830 0# - PUNTO DE ACCESO ADICIONAL DE SERIE-TÍTULO UNIFORME
Título uniforme Bibliotheca indiana. Viajes y viajeros ;
Designación de volumen o secuencia 3-4
9 (RLIN) 193237
852 ## - LOCALIZACIÓN
Ubicación ES-MaACL-482-3-4
Holdings
Estatus retirado Estado de pérdida Estado de daño No para préstamo Biblioteca de origen Biblioteca actual Ubicación en estantería Fecha de adquisición Fuente de adquisición Total de préstamos Signatura topográfica completa Código de barras Visto por última vez Precio de reemplazo Tipo de ítem Koha
        Biblioteca del Ateneo de Madrid Biblioteca del Ateneo de Madrid Depósito 2 05/03/2019     P-482-3-4 1200107 23/02/2023 23/02/2023 Libro impreso